| 000 | 02104nam1a2200325 i 4500 | ||
|---|---|---|---|
| 001 | RU\NLR\b_ik\154051 | ||
| 005 | 20260407145115.0 | ||
| 035 | _a(NLR Aleph) 002227060 | ||
| 090 |
_a3376861 _c3376861 |
||
| 100 | _a20061122g20059999k y0rusy50 ba | ||
| 101 | 0 | _aeng | |
| 102 | _aRU | ||
| 105 | _a||||z ||||| | ||
| 200 | 1 |
_aInteractive systems and technologies _ecollection of scientific papers _e[presented during the 6-th International conference "Interactive systems: the problems of human-computer interaction" (26-30 September, [2005], Ulyanovsk, Russia) _fed. board: Peter Sosnin (resp. ed.) [et al.] |
|
| 210 |
_aUlyanovsk _cUISTU _d2005 |
||
| 215 | _d24 | ||
| 300 | _aВ вып. дан.: Интерактивные системы и технологии: Проблемы человеко-компьютерного взаимодействия | ||
| 300 | _aВ надзаг.: Min. of high education in Russia, Russ. acad. of artificial intelligence, Ulyanovsk state technical univ. (Russia), Darmstadt univ. of appl. science (Germany) [etc.] | ||
| 320 | _aБиблиогр. в конце докл. | ||
| 463 | 1 |
_1001RU\NLR\b_ik\153807 _1200##$aVol. 1 _0RU\NLR\b_ik\153807 _93373744 _cБ. м. _d2005 _p263 c. _tInteractive systems and technologies. - Vol. 1 _y5-89146-670-8 |
|
| 463 | 0 |
_1001RU\NLR\b_ik\153808 _0RU\NLR\b_ik\153808 _93373757 _cБ. м. _d2005 _p110 c. _tInteractive systems and technologies. - Vol. 2 _y5-89146-677-5 |
|
| 517 | 0 | _aИнтерактивные системы и технологии: Проблемы человеко-компьютерного взаимодействия | |
| 606 | 1 |
_aИнтерактивные системы _jСъезды, совещания и т.п. _9975358 _3RU\NLR\AUTH\66366481 |
|
| 686 | 1 | _aЗ973.23-018.5я431(0) | |
| 702 | 1 |
_aSosnin _bP. I. _gPetr Ivanovič _4340 |
|
| 711 | 1 | 2 |
_4070 _8eng _a"Interactive systems: the problem of human-computer interaction", international conference _d6 _f2005 _eUlyanovsk _7ba _3RU\NLR\AUTH\8810088803 _9679164 |
| 801 | 0 |
_aRU _bNLR _c20061122 _gPSBO |
|
| 852 |
_aNLR _bИк _j2006-7/3945 |
||
| 942 | _cBOOK | ||